Quizzes
Events
Quiz Creation
Community
Videos
Private Events
Remove Ads
Sign In
Join for FREE
Feedback
Dark Mode
Quiz Categories
Sports
Geography
Music
Movies
Television
Just For Fun
Miscellaneous
History
Literature
Language
Science
Gaming
Entertainment
Religion
Holiday
For Kids
Quiz Lab
Recent
Popular Today
Quiz Kudos Today
Editor Picks
Curator Picks
Quizzes by...
Day
Popularity
Type
Ratings
Length
Year
Community
Subscriptions
Recent Discussions
Orange Saloon
Badges
Playlists
Quests
Create
Leaderboards
Showdown
Live 5
Trivia Bingo
Activity
Puzzle Library
Sporcle Events
Private Events
Virtual Trivia
Globe League
Become a Host
Pub Owners
SporcleCon
Opinionation
Our Games
Videos
Blog
Mobile Apps
Partnerships
Remove Ads and Go Orange
Feedback
Geography
Country
Landmarks
City
State
Population
World
Capital
Continent
Flags
Europe
Africa
Asia
South America
North America
Oceania
Border
Canada
United Kingdom
Topography
United States
Geography
Country
Landmarks
City
State
Population
World
Capital
Continent
Flags
Europe
Africa
Asia
South America
North America
Oceania
Border
Canada
United Kingdom
Topography
United States
Random Quiz
Search Sporcle
×
Quiz Lab
Quiz Lab
Geography
Country
Type in answers that appear in a list
Type in answers that appear in a list
Classic
Best Score? Go Orange.
Can't Remember the Countries Stats
Can you name the countries of the world without remembering which ones you've already guessed?
By
NvjdsIsSmart
20m
195 Questions
87 Plays
87 Plays
87 Plays
Comments
Comments
Give Quiz Kudos
Give Quiz Kudos
-
- Ratings
hide this ad
More Info
Random Order
Randomize order of answers
Randomize order of answers
Replay
Link that replays current quiz
Next Quiz
Link to next quiz in quiz playlist
You Got
0%
They Got
Avg Score
77%
Avg Friend Score
Upgrade to see
Score Distribution
Jump to the score distribution portion of the page
Score
0/195
Timer
20:00
0
Plays Today
Country
% Correct
lknfklwmnf
90.8%
wsdewerds
89.7%
xfvdrg
89.7%
bjhfkd
88.5%
jnslkap
88.5%
jksdbnfkjp
88.5%
bnvnfgcv
88.5%
ngfhdgd
87.4%
qweseaswd
87.4%
tghcg
87.4%
mkhnlnj
87.4%
fsdgvxcvy
87.4%
jdfmsdfbxmbfskd
87.4%
efinse
87.4%
dsbknds
86.2%
hjbfwjn
86.2%
jbdkjnf
86.2%
jknenfds
86.2%
skdjnfnsll
86.2%
zxcsddddzx
86.2%
fghfghd
86.2%
weihfpose
86.2%
hjsnbdkfns
85.1%
qwkpoa
85.1%
gfhrtgf
85.1%
vbfgcbcv
85.1%
asddsfa
85.1%
hikhjkhg
85.1%
qwikneqiwj
85.1%
idsnfowq
85.1%
fbjgdf
83.9%
fedsfxfdx
83.9%
rstfgdxg
83.9%
knflknsd
83.9%
dnknfd
83.9%
nglknslgf
83.9%
sadzxcdsf
83.9%
uidfvbishf
83.9%
dsghkjdsgk
82.8%
gtrdfgdrr
82.8%
dfffferd
82.8%
kdsnfkl
82.8%
nrkgnsd
82.8%
uhndifiohsdfio
82.8%
fdngiksdn
82.8%
fosopwe
82.8%
jsdnfkjnks
81.6%
oijlknslkdl
81.6%
nkfjdsnk
81.6%
dsfhnkjbns
81.6%
utihkgj
81.6%
vhnnvgvh
81.6%
kndsflkm
81.6%
nwklevnio
81.6%
jsdbfksbfi
81.6%
dlkjfsdf
81.6%
usdbfoish
81.6%
kjnsdgf
80.5%
oqndsa
80.5%
jsdkjns
80.5%
xcgvsr
80.5%
ihkjokpk
80.5%
yjgjh
80.5%
jkgjghjty
80.5%
dignsdpoin
80.5%
Country
% Correct
jrnkjsknf
80.5%
gjdsnfkl
80.5%
sdsdasdz
80.5%
hsdbfjbskjf
80.5%
dfnpoweefsd
80.5%
josidfjosijdfoew
80.5%
duihnfjk
79.3%
powejnjs
79.3%
vxcfxcxc
79.3%
gnfncvbvc
79.3%
zfsdfwesd
79.3%
trhtfgyt
79.3%
yjghj
79.3%
Kyrgyzstan
79.3%
rugnkjdhggdf
79.3%
jfgbfdg
79.3%
ihfiowehof
79.3%
kfboie
79.3%
irehfnowe
79.3%
ebfjkbw
78.2%
weinkfsn
78.2%
kjsnfknsd
78.2%
dkjhflka
78.2%
ndsfknslnd
78.2%
dsnkjnsd
78.2%
ytughut
78.2%
qasawea
78.2%
rgdrfg
78.2%
htrhcghf
78.2%
iselknsd
78.2%
dsjfubkjnsdfk
78.2%
nmzxnkjgn
78.2%
bdsbsdbkjbf
78.2%
sdjbfkjsd
78.2%
djfbiks
78.2%
dsbfiwebn
78.2%
ewifnwoien
78.2%
cgbvcb
77%
fdgnkldjfn
77%
sdjknf
77%
bnkjsdfnk
77%
jndfknsnfdl
77%
dmsflksd
77%
kldsnflknsdf
77%
kjdbkjndf
77%
asdvfxxg
77%
sdjbvjkcxzx
77%
giusdhivs
77%
podsjfjsods
77%
rifgpowej
77%
sklfjkdsj
75.9%
zjbkjbdz
75.9%
erfsefr
75.9%
ndkjfgn
75.9%
kdsngoi
75.9%
emifnsi
75.9%
infosdfnl
75.9%
ksjdnas
75.9%
kdsnfklsn
75.9%
jsdfkjnmds
75.9%
dnfoinse
75.9%
oiefniwj
75.9%
ienowfoiwen
75.9%
onoewf
74.7%
ewjnfkjs
74.7%
Country
% Correct
jknrnvds
74.7%
kjndkfnskjns
74.7%
djkfnjksn
74.7%
mnzcbvx
74.7%
zjkbxjbzkcbn
74.7%
ewfsef
74.7%
jkfgjkjb
74.7%
rgnwopo
74.7%
kjnsdfnslnf
74.7%
jdfnksn
74.7%
wepojfposd
74.7%
sbdfisiohb
74.7%
ibfbsldkfow
74.7%
sdoifsid
74.7%
anndkns
73.6%
plmooik
73.6%
rwetgwf
73.6%
drfgsxvx
73.6%
jfndkjsbjkbdf
73.6%
iensdfkds
73.6%
jwijlkjad
73.6%
ujsdfjbsdjf
73.6%
bfsddsfb
73.6%
kewnfoef
73.6%
jndknfsx
72.4%
dsfwesfd
72.4%
uyjnhcdgf
72.4%
jbkscxz
72.4%
isndvnxl
72.4%
kndfnfi
72.4%
dvnriojsdhf
72.4%
jsbfjhbskjdfb
72.4%
dhfiwehfoishd
72.4%
wenfosd
72.4%
dsuifgksjh
72.4%
tytrgfrt
71.3%
fgbdfn
71.3%
rjjdfnk
71.3%
kdfnkls
71.3%
uisdnhioiofhh
71.3%
wepipeohs
71.3%
efiownfde
71.3%
sudfuisd
71.3%
jdhkfjhns
70.1%
jdnfksnknj
70.1%
jefkjnskj
70.1%
oweijnsfd
70.1%
qiwlnoa
70.1%
sdfnoxvio
70.1%
sdiufwe
70.1%
ofepowe
70.1%
kdsjnpwq
69%
mzonbc
69%
pwejpojsi
69%
ndcnxlcvlk
69%
dusfbksnd
69%
jsdkfn
67.8%
vxvrfxdv
67.8%
rknfsndjnsd
67.8%
ewionds
66.7%
jdnfnsl
66.7%
zmcbjjkasb
66.7%
jnfvkjsdoi
66.7%
jkdnfkla
64.4%
jdnfksnowi
64.4%
Quiz Playlist
Details
Report
Send in Message
Add To Playlist
More Info:
Careful! When you type in a country, you will NOT remember what you already typed!
Classic:
Type in answers that appear in a list
Random Order:
Randomize order of answers
Last Updated: Feb 16, 2017
Quiz Scoreboard
CHALLENGE
Sign Up to Join the Scoreboard
Show All
Scores
Hide
Comments
May contain spoilers
Recently Published
An Introduction to Baseball
by treessimontrees
Sports
5m
Movies - When Are They Set?
by FPL_Elf
Movies
5m
Popular People in 1961
by mucciniale
History
6m
More to Explore
Quiz From the Vault
Featured Blog Post
Where Did the Easter Bunny Come From?
hide this ad
You Might Also Like...
Tags
Country Quiz
World Quiz
Already
cant
Remember
Today's Top Quizzes in Geography
Browse Geography
hide this ad
Today's Top Quizzes in Country
Browse Country
Top Contributed Quizzes in Geography
1
Countries of the World - No Outlines Minefield
2
Top 25 Cities of France on a map
3
Closest Countries to UK A-Z
4
Any capital of a 'B' country per Continent
5
One Thing in Common: United Kingdom
6
Find the Provinces of Canada - No Outlines Minefield
7
Any capital of a 'C' country per Continent
8
Blind Secret Country CLXXXVIII
9
Find the US States - No Outlines
10
Any capital of a 'D' country per Continent
Explore More
Trending Topics
Kpop
Crossword
NBA
Anime
Disney
Marvel
Harry Potter
Puzzle
The Office
Song
NFL
Soccer
Country
Pokémon
WWE
hide this ad
More By:
NvjdsIsSmart
Quiz
Plays
Rating
Category
Featured
Created
Most Populous States Minefield
658,378
4.26
Geography
Jul 1, 2011
Country by Continent/Beginning Letter
277,701
4.74
Geography
Feb 23, 2011
24 Largest Countries Alphabetically
241,920
3.14
Geography
Aug 19, 2011
Most Populous Country A-Z Minefield
146,606
3.80
Geography
Aug 17, 2011
Least Populous States Minefield
115,621
4.33
Geography
Jul 7, 2011
Go to Creator's Profile
Score Distribution
Quiz Creator Spotlight
NvjdsIsSmart
Follow
Send a Message
Quizzes Created
-
Created Quiz Play Count
-
More By This Creator
Popular Quizzes Today
1
Find the Countries of Europe - No Outlines Minefield
2
Find the US States - No Outlines Minefield
3
The Countries of the World
4
Popular People in 1961
5
Find the US States
6
US States
7
1-10 Letter E Words III
8
Risky Map Clicking: Biggest States A-Z
More Geography Quizzes
Smaller, Less Populous and Less Crowded than Slovenia
Curator's Pick
Trending Quizzes
Risky Map Clicking: Least Populous States A-Z
1-10 Letter F Words
1-10 Letter G Words
Not Quite an Element Typing Challenge
One Thing in Common: United Kingdom
Recently Updated
Leaping Animals
pecheneg
Reality TV Shows (A-Z)
bhenderson79
Rickey Henderson's Hall of Fame Teammates
pecheneg
Champions League XIs: Arsenal
pecheneg
Quick Pick: Celebrities in WWE's Hall of Fame
aduchscher
A-Z Keypad Blitz II
pecheneg
Multiple Oscar Actors
pecheneg
Mystery Phrase Blitz: Oscar 'Best Actors'
pecheneg
F. Scott Fitzgerald Novels
LTH
Pick 3 Villains
ddd62291
Trending Topics
Marvel
Kpop
Disney
Anime
Harry Potter
NBA
Crossword
Country
NFL
Song
WWE
The Office
Puzzle
Pokémon
Soccer
Your Account Isn't Verified!
In order to create a playlist on Sporcle, you need to verify the email address you used during registration. Go to your
Sporcle Settings
to finish the process.
Report this User
Report this user for behavior that violates our
Community Guidelines
.
Details:
Send Report
Go to the Sporcle.com Mobile Site →
Comments